Platero y yo : elegía andaluza /

Guardado en:
Autor Principal: Jiménez, Juan Ramón
Formato: Libro
Publicado: Argentina : Losada, 1958
Edición:16a. ed.
Materias:
Etiquetas: Agregar Etiqueta
Sin Etiquetas, Sea el primero en etiquetar este registro!
LEADER 00673nam a22002055a 4500
001 CEM.cems003482
005 19000101000000.0
008 130507s1958##################000#0#####d
003 CEMS
082 0 4 |a 868.6 
100 1 |a Jiménez, Juan Ramón 
245 1 0 |a Platero y yo :  |b elegía andaluza /  |c Juan Ramón Jiménez 
250 |a 16a. ed. 
260 |a Argentina :  |b Losada,  |c 1958 
300 |a 123 p. 
653 |a Literatura 
653 |a Literatura española 
859 |a CEMS  |b BIB. CEMS - 11 de abril  |h 868.6  |i J564a16  |p 14547.75  |t Ej.2 
859 |a CEMS  |b BIB. CEMS - 11 de abril  |h 868.6  |i J564a16  |p 14548.75  |t Ej.3 
859 |a CEMS  |b BIB. CEMS - 11 de abril  |h 868.6  |i J564a16  |p 4545.75  |t Ej.1